Chemische Formeln benennen - Statistiken

Allgemein
  • Dieses Quiz wurde 85 mal gespielt
  • Das Durchschnittsergebnis liegt bei 9 aus 17
Antwortstatistiken
Hint Antwort % Korrekt
H2O Wasser
100%
CO2 Kohlenstoffdioxid
83%
NaCl Natriumchlorid/Kochsalz
83%
H2 Wasserstoff
68%
HCl Salzsäure
62%
O3 Ozon
58%
CH4 Methan
56%
NAOH Natronlauge
55%
NH3 Ammoniak
52%
H2O2 Wasserstoffperoxid
51%
CaCO3 Calciumcarbonat/Kalk
47%
H2CO3 Kohlensäure
45%
C2H5OH Ethanol
44%
H3PO4 Phosphorsäure
44%
HNO3 Salpetersäure
38%
C6H12O6 Glucose
27%
Ca(OH)2 Calciumhydroxid
26%
Keine übereinstimmenden Quizze gefunden
Verteilung der Resultate
Anzahl Personen mit jedem Resultat
Perzentil nach korrekt beantworteten Fragen
Ihre Resultats-Entwicklung
Sie haben dieses Quiz noch nicht gespielt